| 000 | 00000nam##2200000za#4500 |
| 001 | 9.573466 |
| 003 | CaOODSP |
| 005 | 20210929082754 |
| 007 | cr ||||||||||| |
| 008 | 150406|1994||||xxc|||||o f|0| 0 eng|d |
| 040 | |aCaOODSP|beng |
| 043 | |an-cn--- |
| 086 | 1 |aFo29-6/7-1994E-PDF |
| 110 | 1 |aCanada. |bNatural Resources Canada. |bCanadian Forest Service. |
| 245 | 10|aPoplar and willow borer / |h[electronic resource]|c[by] R. Garbutt and J.W.E. Harris. Issued by the Pacific Forestry Centre. |
| 260 | |aVictoria - British Columbia : |bNatural Resources Canada. |cAugust 2000. |
| 300 | |a4p.|breferences, photographs |
| 490 | 1 |aForest pest leaflet|v7 |
| 500 | |aThe catalogue number (Fo29-6/7-1994E) and ISBN (0-662-22832-4) for the print edition have been incorrectly copied in this electronic publication. |
| 590 | |a12-17-Supp|b2012-04-20 |
| 720 | 1 |aHarris, J. W. E. |
| 720 | 1 |aGarbutt, Rod |
| 830 | #0|aForest pest leaflet ;|v7|w(CaOODSP)9.506908 |
| 856 | 40|ahttp://publications.gc.ca|qPDF|s501 KB|uhttps://publications.gc.ca/collections/collection_2012/rncan-nrcan/Fo29-6-7-1994-eng.pdf|y7 |